000 00362nam a2200145Ia 4500
008 230917s9999||||xx |||||||||||||| ||und||
040 _e134429
_aMAIN
041 _aEnglish
082 _a519.52 N213R:W
100 _aRaman, M.V.V.
245 0 _aWork sampling
260 _aNew Delhi
_bNational Productivity Council
_c1968
300 _axi, 176p p.
942 _cBK
999 _c39300
_d39300